000 00512nam a2200181Ia 4500
005 20250326140331.0
008 250326s9999 xx 000 0 und d
037 _aTextbook
040 _aFMSL
_beng
_cFMSL
041 _aeng
_2eng
084 _aX:81 M3
_qFMSL
100 _aGodiwalla Y H
_9742075
245 0 _aStrategic management: broading business policy
_cGodiwalla Y H
260 _aNew York
_bNew York, Praeger
_c1983
300 _a335p
942 _cTB
_hX:81 M3
999 _c1285291
_d1285291